Statistics for Kingdom Hearts 1

Click here to take the quiz!

General Stats

  • This quiz has been taken 52 times
  • The average score is 76 of 141

Answer Stats

HintAnswer% Correct
Who is the main characters best friend, turns to the darkness and is a vessel for the main antagonistRiku
100%
Who is the main character, charged to save all the worlds from being taken by darknessSora
100%
What are the beings called that attack they island and all other worlds, to destroy and plunge the worlds into darknessThe Heartless
97%
Who is the main characters best friend who loses her heart and becomes a princess of heartKairi
94%
What is the name of the weapon the main character receives when his island gets attackedThe Keyblade
94%
Who is the duck who is a magician and journeys with the main character to save worldsDonald Duck
91%
Who is the King that leaves his castle for a special purpose while sending two others to seek out a keyblade wielderMickey Mouse
91%
Who is the dog that goes missing until the end of the gamePluto
91%
Who is the ducks girlfriend Daisy Duck
88%
Who is the Knight of the Royal Guard that journeys with the main character to save worldsGoofy
88%
Who is the small creature that keeps tabs on their quest via journalJiminy Cricket
88%
Who is the queen that wants the two characters to find the keyblade wielderMinnie Mouse
88%
What is the place that holds the heart of the world, also held the magic lamp, has a face for the entranceThe Cave of Wonders
88%
What is the place that the daughter finds a crystal Triton for her collectionA Shipwreck
85%
What is the name of the place that these three characters live at, try to sail away from it to other worldsDestiny Islands
85%
Who is the God of the Underworld that wants a big hero in his underworldHades
85%
Who is the hero that comes to save the partyHercules
85%
Who is the queen of the land that accuses a little girl of being guilty The Queen of Hearts
85%
Where does the main character end up at when he gets taken from his islandTraverse Town
85%
Who is the girl being accused, also a princess of HeartAlice
82%
Who is the local man that saves the main character before he gets eaten by the tigerTarzan
82%
What is the name of the wacky world that goes upside down, sideways, right side up, has a forest and a queen that gives unfair trialsWonderland
82%
Who is the Hell creature the God of the Underworld sends to kill the partyCerberus
79%
Who is the man that gets manipulated to serve the God of the Underworld for his lightCloud Strife
79%
What is the name of the castle/world that these characters live atDisney Town
79%
Who is the warrior that fights the main character to save him from the constant attacks of the HeartlessSquall Lionheart
79%
What is the name of the ship the party takes to visit different worldsThe Gummi Ship
79%
Who is the ninja girl that fights with ShirukensYuffie
76%
Who runs the accessory shop, also the gummi block shopCid
74%
Who is the being that was stuck in the magic lamp, also a summonGenie
74%
Who is the goat that the party meets that gives them trials to prove they are hero materialsPhil
74%
Who is the summon you receive when you get the Earth Shine Gem Simba
74%
Who is a friend of the main character that uses a pole when they sparTidus
74%
Who is a friend of the main character that uses a blitz-ball when they sparWakka
74%
Who is the Street Rat that joins the party to save his worldAladdin
71%
Who is the duck in the item shop with a blue shirtDewey
71%
What does the rabbit scream as soon as you enter the worldIm Late
71%
Who is the Pumpkin King that joins the party to stop an evil monsterJack Skellington
71%
Who is the evil vizer who joins the antagonist party to find all the princess of hearts Jafar
71%
Who is the woman who is the head of the research in the jungleJane
71%
Who is the duck in the item shop with a red shirtLouie
71%
Who is the magician that was asked by the king to help the party with their magic on their jouneyMerlin
71%
What is the name of the wooden boyPinocchio
71%
Who does the main character first meet in the MeadowWinnie the Pooh
71%
Who is the woman that finds the Kings men and fills them in on whats going onAerith
68%
Who is the kings daughter that makes a deal to become a human for the king's golden TritonAriel
68%
What is the town divided up as (There are 3 of them)Districts
68%
Who is the duck in the item shop with a green shirtHuey
68%
Who is the evil monster that eats the heart to control the heartlessOogie Boogie
68%
Who does the main character meet at the Hunny TreePiglet
68%
What is in the doorknob's mouth, also in all the other worlds, houses the heart of the worldThe Keyhole
68%
Who is the fairy that grants the ability of flight, also a summonTinker Bell
68%
Who is the Street Rats monkeyAbu
65%
What is the world that the party visits thats a big jungle with gorillas and tigers roaming aboutDeep Jungle
65%
Who is the summon you receive when you get the Fireglow GemMushu
65%
Who does the main character also meet at Rabbit's HouseTigger
65%
What is the magical flying rug calledCarpet
62%
Who is the Headhunter that finds the Kings men and brings them to campClayton
62%
What is the name of the man that gets his ship eaten by the whaleGeppetto
62%
What is the world with Halloween time around the cornerHalloween Town
62%
Who is the king of the castle under the seaKing Triton
62%
Who is the evil witch that wants to sink the world into darknessMaleficent
62%
Who is a friend of the main character that uses a whip when they sparSelphie
62%
Who is the Fairy that when the party brings her stones, she grants them summonsThe Fairy Godmother
62%
Who is the sea witch that wants to rule the sea by claiming the golden Triton Ursula
62%
Who is the being that shows his true form as the main antagonistAnsem
59%
What is the name of the creature that joins the party to also save his lost loveBeast
59%
Who is the princess of Heart that gets taken by the main characters best friendJasmine
59%
Who is the boy that frees the party from imprisonment and joins the partyPeter Pan
59%
Who does the main character meet at Rabbit's HouseRabbit
59%
What is the name of the Captain of the ship that captures the partyCaptain Hook
56%
What is the name of the world that the party is transported to after being captured by a flying shipNeverland
56%
What is the world with the arena the party travels to second to become herosOlympus Coliseum
56%
Who is the daughter's crab friend that reports to Triton on what she doesSebastion
56%
Who is the princess of heart from the dwarf woodlands, in her story she eats a poison apple and is revived from a kiss from the princeSnow White
56%
Who is the man that announces important news in the middle of townThe Mayor
56%
Who is the creatures lost love, a princess of heartBelle
53%
Who is the princess of heart that went to a royal ball, also knows the woman who gives the main character summonsCinderella
53%
What is the being called that is putting a ball of darkness into the air (A boss)Darkside
53%
What is the being called that eats the gummi ship while flying to the next worldMonstro
53%
Who does the main character meet at Pooh's HouseOwl
53%
Who is the Pumpkin Kings damsel in distress that helps with the Halloween decorationsSally
53%
Who is the girl the captain captures until he finds out that she is not a princess of heartWendy
53%
What is the being she turns into after she unleashes her inner darknessA Dragon
50%
Who is the daughter's best fish friendFlounder
50%
What does EH AH UH UH AH meanFriends in our Hearts
50%
What are the name of the creatures that synthesize items for youMoogles
50%
What is the name of the 99 dogs that go missingThe Dalmations
50%
Where does the first gummi warp portal take us toAgrabah
47%
Who is the girl that falls into a deep sleep until a prince named Philip saves her, also a princess of HeartAurora
47%
Who is the summon you receive when you get the Watergleam GemDumbo
47%
Who does the main character meet at the HillEeyore
47%
Who is the little boy with a triangular maskLock
47%
Who is the final character the main character meets at the Bouncing SpotRoo
47%
Who is the captain right hand manSmee
47%
Who is the little boy with a round maskBarrel
44%
What is the name of the underwater world and also the name of the castle under the seaAtlantica
41%
Who is the summon you receive when you get the Naturespark GemBambi
41%
What title does the party receive when they beat the HellhoundJunior Heros
41%
What is the keychain called that you get for saving the city from the evil vizerThree Wishes
41%
What are the name of the pages you find across the worlds that are ripped from the bookTorn Pages
41%
Who is the leader of the GorillasKerchack
38%
Who is the little girl who helps steal the heart the doctor makesShock
38%
What is the name of the tiger that attacks the main character 4 times Sabor
35%
Who are the twin eels that work for the sea witchFlotsam and Jetsam
32%
What is the giant heartless that attacks the main characters when the meet each other (A Boss)Guard Armor
32%
What is the name of the dark keychain that is found in a chest, also represents the main characters best friend that fell to darknessOblivion
32%
What is the name of the super boss fought in the Platinum Cup Sephiroth
32%
What is the name of the Heartless enemies with swordsBandits
26%
What is the name of the clock building that houses the heart of the world and has a special boss encounterClocktower
26%
Who is the doctor that helps make a heart for the heartlessDoctor Finkelstein
26%
What is the name of the Heart of all WorldsKingdom Hearts
26%
What is the name of the Ice creature fought in the Gold CupThe Ice Titan
26%
What is the heartless that attacks the party in the room with the doorknob (A Boss)Trickmaster
26%
What is the name of the keychain given to the main character in the secret waterway by one of his best friendsOathkeeper
24%
What is the name of the secret boss that surfaces at a clock building, uses time to slowly kill the party but is killed to upgrade the Stop spellPhantom
24%
Who is the cat in the Lotus forest that gives clues to the party to navigate through the worldThe Chesire Cat
24%
What is the name of the boss you fight at the final seed of the 50 seed cupThe Rock Titan
24%
What is the name of the secret boss found in the place where the evil witch was killed, uses laser swords and really tests the main characters strength for when they fight face to faceUnknown
24%
What is the Keychain called from this jungle worldJungle King
21%
What is the name of the keychain from the Halloween worldPumpkinhead
21%
What is the name of the final location where the main antagonist is atThe End of the World
21%
What is the name of the 50 seed cupThe Hades Cup
21%
What is the name of the cup that you fight a true heroThe Hercules Cup
21%
Who is the secret boss that is found in the desert and is killed for a special ReportKurt Zisa
18%
What is the name of the keychain received for beating the Platinum CupOne-Winged Angel
18%
What is the name of the parasite that when killed makes the whale sneeze (A Boss)Parasite Cage
18%
What is the name of the Heartless that attacks the party in the Second District (A Boss)Reverse Armor
18%
What is the name of the keychain that you get for winning this third cup ^The Olympia
18%
What is the name of the cup at the arena that is the easiest The Phil Cup
18%
What is the name of the Heartless inside the keyhole of the worldBehemoth
15%
What is the name of the huge creature that guards the way into the volcano where the door liesChernabog
15%
What is the name of the keychain received for saving the underwater kingdomCrabclaw
15%
What is the name of the cup where you fight two character that you met in the pastThe Pegasus Cup
15%
What is the name of the house that gets transformed when the bag of bugs diesOogie Manor
12%
What is the name of the room with the doorknob, this room turns all different waysThe Bizzare Room
12%
What is the best keyblade calledThe Ultimate Weapon
12%
What is the name of the world used for the antagonists base to capture the princesses of heartHallow Bastion
9%
What is the name of the world that is accessible when you open a special bookThe One Hundred Acre Wood
9%
What is the name of the King's golden keybladeThe Kingdom Key D
6%
What is the name of the room with the last save of the game in itFinal Rest
3%

Score Distribution

Percentile by Number Answered

Percent of People with Each Score

Your Score History

You have not taken this quiz